00547nam a2200181Ia 4500001000500000005001700005007000300022008004100025040001400066041000800080082002200088100001900110245009100129250001300220260006200233300002700295653004300322228220240113233535.0ta050223s1988 a g b000 u eng u aRef.stack aeng a630.05bBh 469 Re aBhuyan, H.K. . 0aReport on Agricultural Indices of Assam 1960 - 61 to 1984 - 85 /cH.K.Bhuyan.hReports a1st ed / aGauhati :bDirectorate of Economics & Statistics ,c1988. a35p. :bill ;c32cm. . aReport : Agricultural Indices of Assam